000 00505nam a2200145 a 4500
008 130627s2012 ||||||||||||||||| || u
020 _a9780007435012
050 _aPR 4453 .C19 S33
100 _aChambers, Kimberley
245 1 4 _aThe schemer
_cby Kimberley Chambers
260 _aLondon:
_bHarperCollins Publishers
_c2012
300 _a550p.
650 _aENGLISH LANGUAGE
995 _FCBU-MAIN LIBRARY (Kitwe)
_M1
_UOUT
_WJul 16, 2013
_ZFiction Collection
999 _c57045
_d57045